00715 2200253 4500001002100000005001500021035002000036007000300056008004100059082001200100084001400112245009500126260003700221300002500258500003000283040001700313090001600330850001200346041000800358650002800366100002400394700002500418990001800443INLIS00000000084359820181230125959 a0010-1218000645ta181230 f 0 eng 04223a423 a423 KEN p12aA pronouncing dictionary of American English /cby John Samuel Kenyon, Thomas Albert Knott2 aU.S.A. :bG. & C. Merriam,c1951 a484 halaman ;c23 cm aTeks dalam bahasa Inggris aYOPDYOGbind aL 423 KEN p aYOPDYOG0 aeng 4aBahasa Inggris -- Kamus1 aKenyon, John Samuel1 aKnott, Thomas Albert a61616-PD/A.18